[Event "d12b"]
[Site "?"]
[Date "2020.08.30"]
[Round "7.7"]
[White "Arabas, Hanna"]
[Black "Pniewska, Beata"]
[Result "0-1"]
[BlackElo "1169"]
[WhiteElo "1111"]
[LiveChessVersion "1.4.8"]

1. e4 {[%clk 0:03:03]} e6 {[%clk 0:03:03]} 2. d4 {[%clk 0:03:04]} d5
{[%clk 0:03:03]} 3. exd5 {[%clk 0:03:03]} exd5 {[%clk 0:03:04]} 4. Nc3
{[%clk 0:03:04]} Nc6 {[%clk 0:03:03]} 5. Nf3 {[%clk 0:03:04]} Nf6
{[%clk 0:03:03]} 6. Bf4 {[%clk 0:03:04]} Bf5 {[%clk 0:03:03]} 7. Bd3
{[%clk 0:03:03]} Be6 {[%clk 0:02:57]} 8. O-O {[%clk 0:03:02]} Bd6
{[%clk 0:02:53]} 9. Bg3 {[%clk 0:03:02]} O-O {[%clk 0:02:53]} 10. Bh4
{[%clk 0:02:48]} Be7 {[%clk 0:02:49]} 11. Bxf6 {[%clk 0:02:44]} Bxf6
{[%clk 0:02:49]} 12. Be2 {[%clk 0:02:28]} Bg4 {[%clk 0:02:47]} 13. h3
{[%clk 0:02:28]} Bh5 {[%clk 0:02:43]} 14. Re1 {[%clk 0:01:46]} Re8
{[%clk 0:02:37]} 15. Bb5 {[%clk 0:01:45]} Qd7 {[%clk 0:02:29]} 16. Bxc6
{[%clk 0:01:44]} Qxc6 {[%clk 0:02:29]} 17. Qd3 {[%clk 0:01:37]} Bg6
{[%clk 0:02:23]} 18. Qd2 {[%clk 0:01:33]} Rad8 {[%clk 0:02:21]} 19. Rad1
{[%clk 0:01:30]} b5 {[%clk 0:02:11]} 20. a3 {[%clk 0:01:31]} a5 {[%clk 0:02:11]}
21. Ne5 {[%clk 0:01:21]} Qb7 {[%clk 0:01:46]} 22. Nxg6 {[%clk 0:01:17]} hxg6
{[%clk 0:01:47]} 23. Qd3 {[%clk 0:01:15]} b4 {[%clk 0:01:45]} 24. axb4
{[%clk 0:01:13]} axb4 {[%clk 0:01:46]} 25. Na4 {[%clk 0:01:12]} Qa7
{[%clk 0:01:41]} 26. Nc5 {[%clk 0:01:12]} Be7 {[%clk 0:01:29]} 27. Qb5
{[%clk 0:00:57]} Bxc5 {[%clk 0:01:16]} 28. Qxc5 {[%clk 0:00:58]} Qxc5
{[%clk 0:01:08]} 29. dxc5 {[%clk 0:00:59]} c6 {[%clk 0:01:10]} 30. c3
{[%clk 0:00:59]} bxc3 {[%clk 0:01:10]} 31. bxc3 {[%clk 0:01:00]} Re6
{[%clk 0:01:03]} 32. Re3 {[%clk 0:01:01]} Rde8 {[%clk 0:01:00]} 33. Rde1
{[%clk 0:01:01]} Re4 {[%clk 0:00:55]} 34. Rxe4 {[%clk 0:01:01]} Rxe4
{[%clk 0:00:55]} 35. Rxe4 {[%clk 0:01:02]} dxe4 {[%clk 0:00:56]} 36. Kf1
{[%clk 0:01:03]} f5 {[%clk 0:00:57]} 37. Ke2 {[%clk 0:01:04]} Kf7
{[%clk 0:00:58]} 38. Ke3 {[%clk 0:01:03]} Ke6 {[%clk 0:00:58]} 39. g4
{[%clk 0:01:03]} Ke5 {[%clk 0:00:54]} 40. c4 {[%clk 0:01:00]} f4+
{[%clk 0:00:52]} 41. Ke2 {[%clk 0:00:59]} Kd4 {[%clk 0:00:53]} 42. h4
{[%clk 0:00:55]} Kxc4 {[%clk 0:00:51]} 43. h5 {[%clk 0:00:53]} gxh5
{[%clk 0:00:51]} 44. gxh5 {[%clk 0:00:54]} Kxc5 {[%clk 0:00:51]} 45. Kd2
{[%clk 0:00:56]} Kd4 {[%clk 0:00:52]} 46. Ke2 {[%clk 0:00:56]} c5
{[%clk 0:00:52]} 47. Kd2 {[%clk 0:00:57]} c4 {[%clk 0:00:53]} 48. Ke2
{[%clk 0:00:58]} c3 {[%clk 0:00:54]} 49. Kd1 {[%clk 0:00:59]} Kd3
{[%clk 0:00:52]} 50. h6 {[%clk 0:01:00]} gxh6 {[%clk 0:00:52]} 51. Kc1
{[%clk 0:01:00]} e3 {[%clk 0:00:52]} 52. f3 {[%clk 0:00:58]} e2 {[%clk 0:00:53]}
53. Kb1 {[%clk 0:00:58]} e1=Q+ {[%clk 0:00:53]} 54. Ka2 {[%clk 0:00:59]} Qd2+
{[%clk 0:00:48]} 55. Ka3 {[%clk 0:00:52]} Kc4 {[%clk 0:00:46]} 56. Ka4
{[%clk 0:00:51]} Qa2# {[%clk 0:00:47]} 0-1

[Event "d12b"]
[Site "?"]
[Date "2020.08.30"]
[Round "8.1"]
[White "Kulczycka, Zofia"]
[Black "Szczotka, Klara"]
[Result "0-1"]
[BlackElo "1654"]
[WhiteElo "1116"]
[LiveChessVersion "1.4.8"]

1. e4 {[%clk 0:03:03]} c5 {[%clk 0:03:04]} 2. d4 {[%clk 0:03:03]} cxd4
{[%clk 0:03:05]} 3. c3 {[%clk 0:03:04]} dxc3 {[%clk 0:03:06]} 4. Nxc3
{[%clk 0:03:05]} Nc6 {[%clk 0:03:08]} 5. Nf3 {[%clk 0:03:05]} a6 {[%clk 0:03:05]}
6. Bc4 {[%clk 0:03:04]} d6 {[%clk 0:03:04]} 7. O-O {[%clk 0:03:03]} e6
{[%clk 0:03:03]} 8. Qe2 {[%clk 0:03:02]} Be7 {[%clk 0:03:04]} 9. Rd1
{[%clk 0:03:02]} Qc7 {[%clk 0:03:04]} 10. Bf4 {[%clk 0:02:58]} b5
{[%clk 0:02:33]} 11. Bb3 {[%clk 0:02:56]} Bb7 {[%clk 0:02:32]} 12. e5
{[%clk 0:02:50]} d5 {[%clk 0:02:32]} 13. h3 {[%clk 0:02:44]} Rc8 {[%clk 0:02:30]}
14. Rac1 {[%clk 0:02:43]} Qb8 {[%clk 0:02:30]} 15. Qe3 {[%clk 0:02:31]} Na5
{[%clk 0:02:28]} 16. Ne2 {[%clk 0:02:28]} Nc4 {[%clk 0:02:18]} 17. Bxc4
{[%clk 0:02:26]} bxc4 {[%clk 0:02:19]} 18. Ned4 {[%clk 0:02:16]} Bc5
{[%clk 0:02:19]} 19. Qd2 {[%clk 0:02:16]} Ne7 {[%clk 0:02:20]} 20. Qa5
{[%clk 0:02:08]} Qc7 {[%clk 0:02:11]} 21. Qa4+ {[%clk 0:02:05]} Qd7
{[%clk 0:02:07]} 22. Qxd7+ {[%clk 0:02:02]} Kxd7 {[%clk 0:02:09]} 23. Bd2
{[%clk 0:01:55]} Bb6 {[%clk 0:02:02]} 24. Bb4 {[%clk 0:01:54]} Nc6
{[%clk 0:01:52]} 25. Nxc6 {[%clk 0:01:53]} Rxc6 {[%clk 0:01:53]} 26. Bd6
{[%clk 0:01:53]} Bc7 {[%clk 0:01:51]} 27. Bb4 {[%clk 0:01:47]} Bb6
{[%clk 0:01:47]} 28. Bd6 {[%clk 0:01:45]} Bc5 {[%clk 0:01:41]} 29. Nd4
{[%clk 0:01:36]} Bxd4 {[%clk 0:01:34]} 30. Rxd4 {[%clk 0:01:36]} Rhc8
{[%clk 0:01:35]} 31. Rf4 {[%clk 0:01:30]} Ke8 {[%clk 0:01:34]} 32. Rg4
{[%clk 0:01:30]} g6 {[%clk 0:01:34]} 33. Rh4 {[%clk 0:01:31]} h5 {[%clk 0:01:36]}
34. Rf4 {[%clk 0:01:28]} c3 {[%clk 0:01:33]} 35. bxc3 {[%clk 0:01:13]} Rxc3
{[%clk 0:01:34]} 36. Rb1 {[%clk 0:01:13]} Bc6 {[%clk 0:01:26]} 37. Rfb4
{[%clk 0:01:09]} Bb5 {[%clk 0:00:33]} 38. a4 {[%clk 0:01:09]} Bd3
{[%clk 0:00:32]} 39. R1b2 {[%clk 0:00:55]} R3c6 {[%clk 0:00:16]} 40. Rb8
{[%clk 0:00:50]} Rxb8 {[%clk 0:00:09]} 41. Rxb8+ Kd7 42. Rb7+ {[%clk 0:00:48]}
Kc8 {[%clk 0:00:09]} 43. Rxf7 {[%clk 0:00:47]} Bf5 {[%clk 0:00:09]} 44. Rf8+
{[%clk 0:00:46]} Kb7 {[%clk 0:00:09]} 45. Rb8+ Ka7 46. Rd8 {[%clk 0:00:43]} Kb6
{[%clk 0:00:10]} 47. Rb8+ {[%clk 0:00:43]} Ka5 {[%clk 0:00:10]} 48. Rb4 Rc1+
{[%clk 0:00:08]} 49. Kh2 {[%clk 0:00:43]} Rc4 {[%clk 0:00:07]} 50. Bc7+
{[%clk 0:00:38]} Kxb4 {[%clk 0:00:07]} 0-1

[Event "d12b"]
[Site "?"]
[Date "2020.08.30"]
[Round "8.2"]
[White "Natoli, Alessia"]
[Black "Sprzeczka, Emilia"]
[Result "0-1"]
[BlackElo "1177"]
[WhiteElo "1302"]
[LiveChessVersion "1.4.8"]

1. e4 {[%clk 0:03:03]} e5 {[%clk 0:03:03]} 2. Nf3 {[%clk 0:03:03]} Nc6
{[%clk 0:03:04]} 3. Bb5 {[%clk 0:03:04]} a6 {[%clk 0:03:05]} 4. Bxc6
{[%clk 0:03:04]} dxc6 {[%clk 0:03:05]} 5. O-O {[%clk 0:03:04]} Bd6
{[%clk 0:03:05]} 6. d4 {[%clk 0:03:04]} exd4 {[%clk 0:03:02]} 7. Qxd4
{[%clk 0:03:04]} f6 {[%clk 0:02:46]} 8. h3 {[%clk 0:03:00]} Be6 {[%clk 0:02:44]}
9. Nc3 {[%clk 0:03:00]} Ne7 {[%clk 0:02:38]} 10. Be3 {[%clk 0:02:56]} O-O
{[%clk 0:02:36]} 11. Rad1 {[%clk 0:02:54]} Ng6 {[%clk 0:02:22]} 12. Qd2
{[%clk 0:02:53]} Qe7 {[%clk 0:02:19]} 13. a3 {[%clk 0:02:54]} Rad8
{[%clk 0:02:16]} 14. Qc1 {[%clk 0:02:55]} Be5 {[%clk 0:02:13]} 15. Bd2
{[%clk 0:02:42]} Rd7 {[%clk 0:02:03]} 16. Nxe5 {[%clk 0:02:33]} Nxe5
{[%clk 0:02:00]} 17. Bf4 {[%clk 0:02:31]} Bc4 {[%clk 0:01:47]} 18. Rfe1
{[%clk 0:02:31]} Rfd8 {[%clk 0:01:45]} 19. Rd2 {[%clk 0:02:16]} Rxd2
{[%clk 0:01:27]} 20. Bxd2 {[%clk 0:02:16]} Be6 {[%clk 0:01:20]} 21. Rd1
{[%clk 0:02:13]} Kf7 {[%clk 0:00:52]} 22. Bf4 {[%clk 0:02:13]} Rxd1+
{[%clk 0:00:47]} 23. Qxd1 {[%clk 0:02:13]} Qd6 {[%clk 0:00:47]} 24. Bxe5
{[%clk 0:02:04]} Qxe5 {[%clk 0:00:44]} 25. Qd3 {[%clk 0:02:04]} Qd6
{[%clk 0:00:41]} 26. f3 {[%clk 0:01:46]} Qc5+ {[%clk 0:00:34]} 27. Kf1
{[%clk 0:01:47]} Bc4 {[%clk 0:00:34]} 28. Na4 {[%clk 0:01:30]} Bxd3+
{[%clk 0:00:34]} 29. cxd3 {[%clk 0:01:31]} Qb5 {[%clk 0:00:34]} 30. Nc3
{[%clk 0:01:29]} Qxd3+ {[%clk 0:00:33]} 31. Kf2 {[%clk 0:01:30]} Qc2+
{[%clk 0:00:32]} 32. Kg3 {[%clk 0:01:31]} Qxb2 {[%clk 0:00:32]} 33. e5
{[%clk 0:01:30]} Qxc3 {[%clk 0:00:29]} 34. exf6 {[%clk 0:01:30]} gxf6
{[%clk 0:00:28]} 35. h4 {[%clk 0:01:29]} Qe1+ {[%clk 0:00:28]} 36. Kg4
{[%clk 0:01:30]} Kg6 {[%clk 0:00:27]} 37. f4 {[%clk 0:01:29]} Qe3
{[%clk 0:00:23]} 38. h5+ {[%clk 0:01:24]} Kf7 {[%clk 0:00:20]} 39. a4
{[%clk 0:01:18]} h6 {[%clk 0:00:19]} 40. a5 {[%clk 0:01:17]} c5 {[%clk 0:00:17]}
41. g3 {[%clk 0:01:15]} Ke6 {[%clk 0:00:13]} 42. f5+ {[%clk 0:01:10]} Ke5
{[%clk 0:00:13]} 43. Kh3 {[%clk 0:01:10]} Qf2 {[%clk 0:00:12]} 44. g4
{[%clk 0:01:06]} Kf4 {[%clk 0:00:09]} 45. g5 {[%clk 0:01:05]} Qg3# 0-1

[Event "d12b"]
[Site "?"]
[Date "2020.08.30"]
[Round "8.3"]
[White "Zapalowska, Wiktoria"]
[Black "Wojs, Alicja"]
[Result "0-1"]
[BlackElo "1285"]
[WhiteElo "1090"]
[LiveChessVersion "1.4.8"]

1. e4 e6 2. d4 {[%clk 0:03:04]} d5 {[%clk 0:03:05]} 3. Nd2 a6 4. c3
{[%clk 0:03:02]} c5 {[%clk 0:03:07]} 5. Ne2 {[%clk 0:03:01]} Nc6 {[%clk 0:03:07]}
6. exd5 {[%clk 0:03:00]} exd5 {[%clk 0:03:07]} 7. Nf3 {[%clk 0:03:01]} cxd4
{[%clk 0:03:01]} 8. cxd4 {[%clk 0:03:00]} Nf6 {[%clk 0:02:58]} 9. Bg5
{[%clk 0:03:01]} Bg4 {[%clk 0:02:57]} 10. Ne5 {[%clk 0:02:34]} Bxe2
{[%clk 0:02:40]} 11. Bxe2 {[%clk 0:02:35]} Be7 {[%clk 0:02:41]} 12. Nxc6
{[%clk 0:02:16]} bxc6 {[%clk 0:02:42]} 13. O-O {[%clk 0:02:16]} O-O
{[%clk 0:02:41]} 14. Rc1 {[%clk 0:02:14]} Qd7 {[%clk 0:02:29]} 15. h3
{[%clk 0:02:07]} h6 {[%clk 0:02:30]} 16. Bf4 {[%clk 0:02:02]} Qb7
{[%clk 0:02:21]} 17. b3 {[%clk 0:01:54]} Ne4 {[%clk 0:02:17]} 18. Bd3
{[%clk 0:01:33]} Nf6 {[%clk 0:02:06]} 19. Re1 {[%clk 0:01:32]} Rfe8
{[%clk 0:02:03]} 20. Qc2 {[%clk 0:01:17]} Rac8 {[%clk 0:01:55]} 21. a4
{[%clk 0:00:58]} Qb6 {[%clk 0:01:41]} 22. Be3 {[%clk 0:00:56]} Nd7
{[%clk 0:01:19]} 23. Qb2 {[%clk 0:00:40]} Rb8 {[%clk 0:01:16]} 24. Bc2
{[%clk 0:00:24]} Bf6 {[%clk 0:01:17]} 25. Red1 {[%clk 0:00:24]} Qb7
{[%clk 0:01:04]} 26. Qb1 {[%clk 0:00:22]} Rec8 {[%clk 0:01:04]} 27. Bd3
{[%clk 0:00:15]} a5 {[%clk 0:00:56]} 28. Rc3 {[%clk 0:00:15]} Qb4
{[%clk 0:00:55]} 29. Rc2 {[%clk 0:00:11]} Qxb3 {[%clk 0:00:55]} 30. Qxb3
{[%clk 0:00:12]} Rxb3 {[%clk 0:00:56]} 31. Ba6 {[%clk 0:00:08]} Rcb8
{[%clk 0:00:51]} 32. Bf1 {[%clk 0:00:07]} R3b4 {[%clk 0:00:50]} 33. Rxc6
{[%clk 0:00:06]} Rxa4 {[%clk 0:00:50]} 34. Rd6 {[%clk 0:00:04]} Nb6
{[%clk 0:00:44]} 35. Rc1 {[%clk 0:00:03]} Bxd4 36. Bxd4 Rxd4 {[%clk 0:00:41]} 37.
Rdc6 {[%clk 0:00:03]} a4 {[%clk 0:00:38]} 38. Ra1 {[%clk 0:00:04]} Nd7
{[%clk 0:00:33]} 39. Rd6 {[%clk 0:00:05]} Nf6 {[%clk 0:00:34]} 40. Rc6
{[%clk 0:00:06]} Rdb4 {[%clk 0:00:35]} 41. Rcc1 {[%clk 0:00:06]} d4
{[%clk 0:00:36]} 42. Bd3 {[%clk 0:00:07]} Rb3 {[%clk 0:00:38]} 0-1

[Event "d12b"]
[Site "?"]
[Date "2020.08.30"]
[Round "8.4"]
[White "Pniewska, Beata"]
[Black "Gaszka, Zuzanna"]
[Result "1/2-1/2"]
[BlackElo "1158"]
[WhiteElo "1169"]
[LiveChessVersion "1.4.8"]

1. e4 {[%clk 0:03:02]} e5 {[%clk 0:03:03]} 2. Nf3 {[%clk 0:03:03]} Nc6
{[%clk 0:03:05]} 3. Bc4 {[%clk 0:03:03]} Nf6 {[%clk 0:03:05]} 4. Ng5
{[%clk 0:03:04]} d5 {[%clk 0:03:06]} 5. exd5 {[%clk 0:03:05]} Nd4
{[%clk 0:03:07]} 6. c3 {[%clk 0:02:57]} b5 {[%clk 0:03:08]} 7. cxd4
{[%clk 0:02:56]} bxc4 {[%clk 0:03:09]} 8. dxe5 {[%clk 0:02:56]} Nxd5
{[%clk 0:03:09]} 9. Nf3 {[%clk 0:02:52]} Bg4 {[%clk 0:02:48]} 10. O-O
{[%clk 0:02:50]} Qd7 {[%clk 0:02:30]} 11. d4 {[%clk 0:02:25]} cxd3
{[%clk 0:02:20]} 12. Qxd3 {[%clk 0:02:25]} Nb4 {[%clk 0:02:08]} 13. Qxd7+
{[%clk 0:02:21]} Kxd7 {[%clk 0:02:08]} 14. Na3 {[%clk 0:02:16]} Bxf3
{[%clk 0:02:02]} 15. gxf3 {[%clk 0:02:15]} Bc5 {[%clk 0:01:56]} 16. Be3
{[%clk 0:02:02]} Bb6 {[%clk 0:01:47]} 17. Rad1+ {[%clk 0:02:00]} Ke7
{[%clk 0:01:45]} 18. Nc4 {[%clk 0:01:57]} Bxe3 {[%clk 0:01:37]} 19. Nxe3
{[%clk 0:01:54]} Nxa2 {[%clk 0:01:37]} 20. Nd5+ {[%clk 0:01:52]} Kd7
{[%clk 0:01:07]} 21. Nb6+ {[%clk 0:01:52]} Kc6 {[%clk 0:01:07]} 22. Nxa8
{[%clk 0:01:51]} Rxa8 {[%clk 0:01:08]} 23. Rd3 {[%clk 0:01:46]} Re8
{[%clk 0:01:04]} 24. f4 {[%clk 0:01:46]} Rb8 {[%clk 0:01:04]} 25. b3
{[%clk 0:01:45]} a5 {[%clk 0:01:05]} 26. Ra1 {[%clk 0:01:37]} Nb4
{[%clk 0:01:02]} 27. Rc3+ {[%clk 0:01:38]} Kb6 {[%clk 0:01:01]} 28. Kg2
{[%clk 0:01:32]} Rd8 {[%clk 0:01:01]} 29. Rc4 {[%clk 0:01:20]} Rd3
{[%clk 0:00:54]} 30. Rb1 {[%clk 0:01:08]} h5 {[%clk 0:00:51]} 31. Re4
{[%clk 0:01:01]} h4 {[%clk 0:00:50]} 32. Re3 {[%clk 0:00:58]} Rd4
{[%clk 0:00:47]} 33. f5 {[%clk 0:00:48]} Nd5 {[%clk 0:00:40]} 34. Ree1
{[%clk 0:00:41]} Nf4+ {[%clk 0:00:38]} 35. Kf1 {[%clk 0:00:40]} Rd3
{[%clk 0:00:26]} 36. e6 {[%clk 0:00:34]} fxe6 {[%clk 0:00:27]} 37. fxe6
{[%clk 0:00:34]} Rd8 {[%clk 0:00:25]} 38. e7 {[%clk 0:00:32]} Re8
{[%clk 0:00:26]} 39. Rbd1 {[%clk 0:00:32]} Ng6 {[%clk 0:00:25]} 40. Rd8
{[%clk 0:00:28]} Rxe7 {[%clk 0:00:25]} 41. Rxe7 {[%clk 0:00:28]} Nxe7
{[%clk 0:00:26]} 42. Rd7 {[%clk 0:00:28]} Nf5 {[%clk 0:00:26]} 43. Rf7
{[%clk 0:00:26]} g6 {[%clk 0:00:26]} 44. Rf6+ {[%clk 0:00:26]} Kb5
{[%clk 0:00:26]} 45. Rxg6 {[%clk 0:00:27]} Kb4 {[%clk 0:00:27]} 46. Rg5
{[%clk 0:00:21]} Nd6 {[%clk 0:00:27]} 47. Rg4+ {[%clk 0:00:21]} Kxb3
{[%clk 0:00:27]} 48. Rxh4 {[%clk 0:00:22]} a4 {[%clk 0:00:28]} 49. Rh7
{[%clk 0:00:20]} a3 {[%clk 0:00:29]} 50. Rxc7 {[%clk 0:00:19]} a2
{[%clk 0:00:30]} 51. Ra7 {[%clk 0:00:20]} Kb2 {[%clk 0:00:31]} 52. Rxa2+
{[%clk 0:00:20]} Kxa2 {[%clk 0:00:31]} 53. f4 {[%clk 0:00:20]} Kb3
{[%clk 0:00:32]} 54. Kf2 {[%clk 0:00:21]} Kc4 {[%clk 0:00:34]} 55. Kg3
{[%clk 0:00:22]} Kd5 {[%clk 0:00:35]} 56. Kg4 {[%clk 0:00:22]} Ke6
{[%clk 0:00:36]} 57. h4 {[%clk 0:00:22]} Kf7 {[%clk 0:00:37]} 58. f5
{[%clk 0:00:22]} Kg7 {[%clk 0:00:38]} 59. h5 {[%clk 0:00:22]} Kf6
{[%clk 0:00:36]} 60. h6 {[%clk 0:00:18]} Nxf5 {[%clk 0:00:37]} 61. h7
{[%clk 0:00:18]} Kg7 {[%clk 0:00:37]} 62. Kxf5 {[%clk 0:00:18]} Kxh7
{[%clk 0:00:38]} 1/2-1/2

[Event "d12b"]
[Site "?"]
[Date "2020.08.30"]
[Round "8.5"]
[White "Pietryk, Joanna"]
[Black "Salamon, Julia"]
[Result "0-1"]
[BlackElo "1156"]
[WhiteElo "1166"]
[LiveChessVersion "1.4.8"]

1. e4 c5 2. Nf3 e6 3. d4 cxd4 4. Nxd4 Nf6 5. Nc3 Nc6 6. Be3 Bb4 7. f3 Qa5 8. Qd2
O-O 9. Be2 Nxd4 10. Bxd4 e5 11. Be3 d6 12. a3 Bxc3 13. Qxc3 Qxc3+ 14. bxc3 Be6
15. Rb1 b6 16. Kf2 Rac8 17. Bd2 d5 18. Bd3 dxe4 19. fxe4 Nd7 20. Rhf1 Nc5 21. Ke2
Na4 22. Ba6 Nxc3+ 23. Bxc3 Rxc3 24. Rb2 Rxa3 25. Bd3 Rc3 26. Ra1 Rc7 27. Kd2 Rd8
28. Ke3 Rdc8 29. Kd2 Bc4 30. Bxc4 Rxc4 31. Kd3 Rd4+ 32. Ke3 Rc3+ 33. Kf2 Rc7 34.
Ke3 Rdc4 35. Kd2 Rxe4 36. Kd3 Rec4 37. Kd2 e4 38. Re1 f5 39. Re2 g6 40. Rf2 a5
41. Kc1 a4 42. Kb1 R7c6 43. Ka2 R4c5 44. Ka3 b5 45. Rd2 Rc3+ 46. Kb4 R3c5 47.
Rd8+ Kg7 48. Rd7+ Kh6 49. Rb7 Rxc2 50. Rxc2 Rxc2 51. Kxb5 Rb2+ 52. Kc6 Rxb7 53.
Kxb7 a3 54. Kc6 a2 55. Kd5 a1=Q 56. Ke6 Qa5 57. Kd6 e3 58. Ke6 e2 59. Kd6 e1=R
60. Kc6 Qd2 61. Kc5 Rc1+ 62. Kb5 Qb2+ 63. Ka4 Ra1# 0-1

[Event "d12b"]
[Site "?"]
[Date "2020.08.30"]
[Round "8.6"]
[White "Seemann, Pola"]
[Black "Popczynska, Maja"]
[Result "0-1"]
[BlackElo "1129"]
[WhiteElo "1165"]
[LiveChessVersion "1.4.8"]

1. e4 {[%clk 0:03:04]} c5 {[%clk 0:03:03]} 2. Nf3 {[%clk 0:03:04]} e6
{[%clk 0:03:04]} 3. d4 {[%clk 0:03:05]} cxd4 4. Nxd4 {[%clk 0:03:06]} Nf6
{[%clk 0:03:06]} 5. Nc3 {[%clk 0:03:07]} Nc6 {[%clk 0:03:07]} 6. Be3
{[%clk 0:03:00]} Bb4 {[%clk 0:03:05]} 7. f3 {[%clk 0:02:51]} d5 {[%clk 0:02:58]}
8. exd5 {[%clk 0:02:41]} Nxd5 {[%clk 0:02:56]} 9. Nxc6 {[%clk 0:02:16]} bxc6
{[%clk 0:02:38]} 10. Qd2 {[%clk 0:02:16]} O-O {[%clk 0:02:27]} 11. Be2
{[%clk 0:02:03]} Bb7 {[%clk 0:02:14]} 12. O-O {[%clk 0:02:02]} Qa5
{[%clk 0:02:01]} 13. a3 {[%clk 0:01:31]} Bxc3 {[%clk 0:01:49]} 14. bxc3
{[%clk 0:01:32]} Qxc3 {[%clk 0:01:37]} 15. Rab1 {[%clk 0:01:21]} Qxe3+
{[%clk 0:01:16]} 16. Qxe3 {[%clk 0:01:21]} Nxe3 {[%clk 0:01:16]} 17. Rfe1
{[%clk 0:01:15]} Rab8 {[%clk 0:01:09]} 18. Bd3 {[%clk 0:01:15]} Nd5
{[%clk 0:01:04]} 19. c4 {[%clk 0:01:13]} Nb6 {[%clk 0:01:04]} 20. Rbd1
{[%clk 0:01:03]} Ba6 {[%clk 0:01:02]} 21. c5 {[%clk 0:00:56]} Bxd3
{[%clk 0:01:02]} 22. cxb6 {[%clk 0:00:54]} Bb5 {[%clk 0:00:47]} 23. bxa7
{[%clk 0:00:53]} Rb7 {[%clk 0:00:41]} 24. Ra1 {[%clk 0:00:48]} Rxa7
{[%clk 0:00:41]} 25. Re3 {[%clk 0:00:45]} h6 {[%clk 0:00:38]} 26. Rd1
{[%clk 0:00:40]} Rfa8 {[%clk 0:00:39]} 27. Ra1 {[%clk 0:00:40]} c5
{[%clk 0:00:37]} 28. Kf2 {[%clk 0:00:40]} c4 {[%clk 0:00:38]} 29. Ke1
{[%clk 0:00:40]} Kf8 {[%clk 0:00:36]} 30. Kd2 {[%clk 0:00:41]} Rc8
{[%clk 0:00:30]} 31. Kc3 {[%clk 0:00:41]} Rca8 {[%clk 0:00:28]} 32. Kb4
{[%clk 0:00:38]} Rb8 {[%clk 0:00:21]} 33. Kc3 {[%clk 0:00:39]} Ke7
{[%clk 0:00:20]} 34. Kd4 {[%clk 0:00:33]} Rd8+ {[%clk 0:00:20]} 35. Kc5
{[%clk 0:00:29]} Rd5+ {[%clk 0:00:17]} 36. Kb4 {[%clk 0:00:29]} Rd8
{[%clk 0:00:15]} 37. Kc5 {[%clk 0:00:30]} Rb8 {[%clk 0:00:13]} 38. Rb1
{[%clk 0:00:26]} Ra5 {[%clk 0:00:13]} 39. Kd4 {[%clk 0:00:27]} Kd6
{[%clk 0:00:13]} 40. g4 {[%clk 0:00:21]} f6 {[%clk 0:00:13]} 41. h4
{[%clk 0:00:22]} e5+ {[%clk 0:00:14]} 42. Kc3 {[%clk 0:00:21]} Kd5
{[%clk 0:00:14]} 43. Kd2 {[%clk 0:00:21]} Kd4 {[%clk 0:00:15]} 44. Re4+
{[%clk 0:00:22]} Kd5 {[%clk 0:00:15]} 45. Rd1 {[%clk 0:00:18]} Kc5
{[%clk 0:00:16]} 46. Kc2 {[%clk 0:00:16]} Rxa3 {[%clk 0:00:17]} 47. Kd2
{[%clk 0:00:14]} Rd3+ {[%clk 0:00:16]} 48. Ke2 {[%clk 0:00:15]} Rxd1
{[%clk 0:00:17]} 49. Kxd1 {[%clk 0:00:16]} Ba4+ {[%clk 0:00:18]} 50. Ke2
{[%clk 0:00:17]} Rc8 {[%clk 0:00:17]} 51. f4 {[%clk 0:00:15]} Kd5
{[%clk 0:00:17]} 52. Re3 {[%clk 0:00:14]} c3 {[%clk 0:00:17]} 53. fxe5
{[%clk 0:00:09]} fxe5 {[%clk 0:00:18]} 54. g5 {[%clk 0:00:10]} c2
{[%clk 0:00:17]} 55. gxh6 {[%clk 0:00:10]} gxh6 {[%clk 0:00:18]} 56. Rd3+
{[%clk 0:00:09]} Kc4 {[%clk 0:00:17]} 57. h5 {[%clk 0:00:06]} c1=Q
{[%clk 0:00:16]} 0-1

[Event "d12b"]
[Site "?"]
[Date "2020.08.30"]
[Round "8.7"]
[White "Dzierzgowska, Jagoda"]
[Black "Makarec, Anna"]
[Result "0-1"]
[BlackElo "1053"]
[WhiteElo "1229"]
[LiveChessVersion "1.4.8"]

1. d4 {[%clk 0:03:03]} d5 {[%clk 0:03:04]} 2. Nf3 {[%clk 0:03:03]} Nf6
{[%clk 0:03:03]} 3. Bf4 {[%clk 0:03:04]} e6 {[%clk 0:03:01]} 4. e3
{[%clk 0:03:05]} b6 {[%clk 0:03:02]} 5. c4 {[%clk 0:03:06]} Bb7 {[%clk 0:03:03]}
6. Nc3 {[%clk 0:03:06]} Be7 {[%clk 0:02:57]} 7. Be2 {[%clk 0:03:06]} O-O
{[%clk 0:02:54]} 8. O-O {[%clk 0:03:06]} Nbd7 {[%clk 0:02:51]} 9. Nb5
{[%clk 0:03:04]} c5 {[%clk 0:02:46]} 10. Nc7 {[%clk 0:03:00]} Rc8
{[%clk 0:02:42]} 11. Nb5 {[%clk 0:02:59]} a6 {[%clk 0:02:43]} 12. Nc3
{[%clk 0:02:58]} cxd4 {[%clk 0:02:36]} 13. exd4 {[%clk 0:02:56]} dxc4
{[%clk 0:02:35]} 14. Qa4 {[%clk 0:02:43]} Nb8 {[%clk 0:02:20]} 15. Bxc4
{[%clk 0:02:31]} b5 {[%clk 0:02:06]} 16. Qb3 {[%clk 0:02:20]} Rxc4
{[%clk 0:02:01]} 17. a4 {[%clk 0:02:04]} Qb6 {[%clk 0:01:37]} 18. Be3
{[%clk 0:01:49]} Rcc8 {[%clk 0:01:16]} 19. Ne5 {[%clk 0:01:34]} Nbd7
{[%clk 0:01:08]} 20. Nxd7 {[%clk 0:01:16]} Nxd7 {[%clk 0:01:08]} 21. d5
{[%clk 0:01:15]} Qd6 {[%clk 0:01:01]} 22. dxe6 {[%clk 0:01:08]} Qxe6
{[%clk 0:00:53]} 23. Qd1 {[%clk 0:01:00]} bxa4 {[%clk 0:00:51]} 24. Rxa4
{[%clk 0:00:57]} Nc5 {[%clk 0:00:52]} 25. Rg4 {[%clk 0:00:36]} Rfd8
{[%clk 0:00:47]} 26. Qe2 {[%clk 0:00:25]} f5 {[%clk 0:00:32]} 27. Rg3
{[%clk 0:00:09]} Bd6 {[%clk 0:00:30]} 28. Rh3 {[%clk 0:00:09]} Qg6
{[%clk 0:00:29]} 29. f3 {[%clk 0:00:00]} Re8 {[%clk 0:00:29]} 30. Qf2
{[%clk 0:00:00]} Nd3 {[%clk 0:00:29]} 31. Qd2 0-1